Flexible Estimation of Demand Schedules and Revenue under Different Auction Formats

Saved in:
Bibliographic Details
Main Author: Feldman, Robert A.
Other Authors: Reinhart, Vincent
Format: Book
Language:English
Published: Washington International Monetary Fund 1995
Edition:1. ed.
Series:IMF Working Paper 116
Subjects:
Tags: Add Tag
No Tags, Be the first to tag this record!

MARC

LEADER 00000nam a2200000 4500
001 c017378
005 20221205133017.4
041 0 |a eng 
044 |a US 
245 1 0 |a Flexible Estimation of Demand Schedules and Revenue under Different Auction Formats  |c Robert A. Feldman, Vincent Reinhart 
250 |a 1. ed. 
264 1 |a Washington  |b International Monetary Fund  |c 1995 
300 |a 24 s. 
490 1 |a IMF Working Paper  |v 116 
830 0 |a IMF Working Paper  |v 116 
610 2 0 |a aukcie 
610 2 0 |a trh finančný 
610 2 0 |a trh zlata 
610 2 0 |a harmonogramy 
610 2 0 |a dopyt 
610 2 0 |a výnosy 
100 1 |a Feldman, Robert A. 
700 1 |a Reinhart, Vincent